Statistics for Dangerous Woman by Ariana Grande Tracklist

Click here to take the quiz!

General Stats

  • This quiz has been taken 55 times
    (12 since last reset)
  • The average score is 17 of 18

Answer Stats

Track #Answer% Correct
4Dangerous Woman
100%
11I Don’t Care
100%
16Jason’s Song (Gave It Away)
100%
14Knew Better - Forever Boy
100%
7Let Me Love You (feat. Lil Wayne)
100%
1Moonlight
100%
5Side to Side (feat. Nicki Minaj)
100%
17Step On Up
100%
15Thinking Bout You
100%
13Touch It
100%
12Bad Decisions
91%
2Be Alright
91%
10Everyday (feat. Future)
91%
6Greedy
91%
3Into You
91%
9Sometimes
91%
8Leave Me Lonely (feat. Macy Gray)
82%
18Focus
73%

Score Distribution

Percentile by Number Answered

Percent of People with Each Score

Your Score History

You have not taken this quiz since the last reset